The ecology of neotropical savannas (Registro nro. 20511)

Detalles MARC
000 -CABECERA
Campo de control 00803nam a22002537a 4500
005 - FECHA Y HORA DE LA ULTIMA TRANSACCION
Campo de control 20200104041805.0
008 - ELEMENTOS DE LONGITUD FIJA—INFORMACION GENERAL
Campo de control 191021b xxu||||| |||| 00| 0 spa d
020 ## - ISBN
ISBN 0674224604
040 ## - FUENTE DE CATALOGACIÓN
Agencia catalogadora original CO-BoIAVH
Agencia transcriptora CO-BoIAVH
041 ## - IDIOMA
Código de idioma para texto/pista de sonido o título separado Inglés
044 ## - PAÍS DE PUBLICACIÓN
País de publicación Estados Unidos
082 ## - NUMERO DE CLASIFICACION DECIMAL DEWEY
Número de clasificación 577.48
Número del ítem Sa74
100 ## - ASIENTO PRINCIPAL--NOMBRE PERSONAL
9 (RLIN) 18926
Nombre personal Sarmiento, Guillermo
245 14 - MENCION DE TITULO
Título The ecology of neotropical savannas
260 ## - PUBLICACION, DISTRIBUCION, ETC. (PIE DE IMPRENTA)
Lugar de publicación, distribución, etc. Cambridge, (Massachusetts):
Nombre del editor, distribuidor, etc. Harvard University Press,
Fecha de publicación, distribución, etc. 1984.
300 ## - DESCRIPCION FISICA
Extensión 235 Páginas:
Otros detalles físicos gráficos, fotografías y mapas,
Dimensiones 24 x 16 cm.
500 ## - NOTA GENERAL
Nota general Incluye anexos.
650 #0 - ASIENTO SECUNDARIO DE MATERIA - TERMINO TEMATICO
9 (RLIN) 33142
Término temático o nombre geográfico como elemento de entrada Sabanas
Subdivisión geográfica América Latina.
650 #0 - ASIENTO SECUNDARIO DE MATERIA - TERMINO TEMATICO
9 (RLIN) 24542
Término temático o nombre geográfico como elemento de entrada Conservación del medio ambiente
650 #0 - ASIENTO SECUNDARIO DE MATERIA - TERMINO TEMATICO
Término temático o nombre geográfico como elemento de entrada Botánica
9 (RLIN) 361
650 #0 - ASIENTO SECUNDARIO DE MATERIA - TERMINO TEMATICO
9 (RLIN) 2479
Término temático o nombre geográfico como elemento de entrada Vegetación
Subdivisión general características
651 #0 - ASIENTO SECUNDARIO DE MATERIA - NOMBRE GEOGRAFICO
9 (RLIN) 1118
Nombre geográfico Venezuela
942 ## - ELEMENTOS ADICIONALES (KOHA)
Sistema de clasificación Dewey Decimal Classification
Tipo de ítem Libro
Existencias
Withdrawn status Lost status Sistema de Clasificación Damaged status No para préstamo Colección Ubicación Permanente Ubicación actual Fecha de adquisición Total Checkouts Número topográfico Inventario / Código de Barras Date last seen Ejemplar Price effective from Forma de adquisición Tipo de material
    Dewey Decimal Classification     General Bogotá Bogotá 21/10/2019   LB-577.48 Sa74 043617 21/10/2019 Ej.1 21/10/2019 Canje Libro